| 000 | 01357nac a22003615i 4500 | ||
|---|---|---|---|
| 003 | EG-ScBUE | ||
| 005 | 20250227103144.0 | ||
| 008 | 150824t2008 nyua f 001 0 eng d | ||
| 020 | _a9780071485845 | ||
| 020 | _a0071485848 | ||
| 040 |
_aEG-ScBUE _beng _erda _cEG-ScBUE _dEG-ScBUE |
||
| 082 | 0 | 4 |
_a519.5076 _bSPI _222 |
| 100 | 1 |
_aSpiegel, Murray R., _eauthor. _92617 |
|
| 245 | 1 | 0 |
_aSchaum’s outline of theory and problems of statistics / _cMurray R. Spiegel, Ph.D., Former Professor and Chairman, Mathematics Department, Rensselaer Polytechnic Institute, Hartford Graduate Center, Larry J. Stephens, Ph.D., Full Professor, Mathematics Department, University of Nebraska at Omaha. |
| 246 | 3 | 0 | _aStatistics |
| 250 | _aFourth edition. | ||
| 264 | 1 |
_aNew York : _bMcGraw-Hill, _c[2008] |
|
| 264 | 4 | _cc2008 | |
| 300 |
_axix, 577 pages : _billustrations ; _c28 cm. |
||
| 336 |
_2rdacontent _atext _btxt |
||
| 337 |
_aunmediated _2rdamedia _bn |
||
| 338 |
_avolume _bnc _2rdacarrier |
||
| 490 | 0 | _aSchaum’s outline series | |
| 500 | _aIncludes index. | ||
| 500 | _aIncludes appendix. | ||
| 590 | _adoha | ||
| 650 | 7 |
_aStatistics _vProblems, exercises, etc. _2BUEsh _94000 |
|
| 653 |
_bENGELC _cAugust2015 |
||
| 653 |
_bENGELC _cOctober2016 |
||
| 655 | _vReading book | ||
| 700 | 1 |
_aStephens, Larry J., _eauthor. _941314 |
|
| 942 |
_cBB _2ddc |
||
| 999 |
_c22448 _d22420 |
||